Química inorgánica

Bibliographic Details
Main Author: Barnard, A.K
Format: Section = Libro
Language:Undetermined
Spanish
Published: Madrid URMO 1978
Subjects:
LEADER 00430nam a2200181Ia 4500
008 240830s9999 xx 000 0 und d
020 |a 84-314-0078-1 
040 |a CEDOC FIQ-RUSB / 546 B259 
041 |a spa 
082 |a 546 B259 
100 1 |a Barnard, A.K 
245 1 0 |a Química inorgánica 
260 |a Madrid  |b URMO  |c 1978 
300 |a 377 p. : il 
650 7 |a QUIMICA INORGANICA 
942 |c BK  |2 ddc 
991 |a TEXTO 
999 |c 13955